The Sweet Escape - Gwen Stefani Feat. Akon - All Lyrics - Statistics

General Stats
  • This quiz has been taken 117 times
  • The average score is 395 of 482
Answer Stats
Answer % Correct
be
100%
(Be
100%
I
100%
could
99%
If
99%
Woo-hoo,
99%
(Woo-hoo,
99%
woo-hoo,
99%
Yeah
99%
(Yeah)
99%
yee-hoo
99%
yee-hoo,
99%
yee-hoo)
99%
a
97%
escape,
97%
escape
97%
(Escape)
97%
escape)
97%
you
97%
You
97%
would
94%
girl
93%
me
93%
me,
93%
for
91%
that
91%
to
91%
To
91%
sweet?
90%
(Sweet
90%
sweet
90%
sweet)
90%
world
90%
world)
90%
your
90%
by
89%
I've
89%
I’ve
89%
own
89%
(Own
89%
been
87%
favorite
87%
my
87%
the
87%
together
87%
it
84%
so
84%
So
84%
wouldn't
84%
and
83%
And
83%
get
83%
(Get
83%
tell
83%
now
81%
now,
81%
bad
80%
boy,
80%
like
80%
real
80%
We
79%
know
77%
on
77%
on,
77%
acting
76%
cold
76%
Perfectly
76%
this
76%
'Cause
74%
‘Cause
74%
that's
74%
didn't
73%
hurt
71%
floor
70%
mean
70%
of
70%
place
70%
way
70%
all,
69%
all
69%
But
69%
can
69%
It’s
67%
make
66%
reason
64%
refrigerator
64%
treat
64%
let
63%
Maybe
63%
you're
63%
better
61%
I'm
61%
shut
61%
apologize
60%
must
60%
say
60%
treating
60%
sour
59%
baby,
57%
milk
57%
out,
57%
out
57%
wanna
56%
first
54%
recreate
54%
away
53%
away)
53%
don't
53%
need
53%
Come
51%
come
51%
with
51%
at
50%
fault,
50%
fault
50%
our
50%
some
50%
down,
47%
little
47%
let's
46%
crazy
44%
save
44%
around
41%
around,
41%
gettin'
41%
see
41%
turn
41%
help
40%
lazy
40%
look
40%
times
40%
leave
39%
point
39%
take
39%
angry
37%
Hopefully
37%
bounce,
36%
ground
36%
Instead
36%
lowest
36%
Waitin'
36%
boiling
34%
common
34%
joint
34%
clowning
33%
stank
30%
counting
29%
melt
14%
No matching quizzes found
Score Distribution
Percent of People with Each Score
Percentile by Number Answered
Your Score History
You have not taken this quiz